Stadions Jupiler Pro League teams - Statistieken

Algemene statistieken
  • Deze quiz is 49 keer genomen
  • De gemiddelde score is 9 van 16
Antwoordstatistieken
Ploeg Stadion % Correct
Royal Antwerp FC Bosuilstadion
95%
Club Brugge Jan Breydelstadion
86%
Cercle Brugge Jan Breydelstadion
83%
RSC Anderlecht Lotto Park
79%
Beerschot VA t' Kiel/ Olympisch Stadion
69%
KVC Westerlo 't Kuipje
67%
KRC Genk Cegeka Arena
60%
KAA Gent Planet Group arena
60%
KV Mechelen AFAS Stadion
52%
Standard Luik Sclessin/ Maurice Dufrasnestadion
50%
STVV Daio Wasabi Stayen Stadium
45%
KV Kortrijk Guldensporenstadion
45%
Sporting Charleroi Stade du Pays de Charleroi
29%
OH Leuven King Power at Den Dreef stadion
26%
Union SG Joseph Marienstadion
24%
Dender EH Dender Football Complex
5%
Geen overeenkomende quizzen gevonden
Scoreverdeling
Procent van Mensen met Elke Score
Percentiel versus Aantal Correcte Antwoorden
Uw Scoregeschiedenis
U heeft deze quiz nog niet genomen